Laufey "Everything I Know About Love (Deluxe Edition)" Tracklist - Statistics

General Stats
  • This quiz has been taken 285 times
    275 since last reset
  • The average score is 12 of 16
Answer Stats
Number Length Answer % Correct
9 3:29 Everything I Know About Love
94%
10 2:53 Falling Behind
87%
1 4:01 Fragile
87%
4 3:43 Above the Chinese Restaurant
86%
3 2:48 Valentine
82%
11 3:13 Hi
79%
8 3:36 Just Like Chet
79%
13 4:02 Night Light
79%
2 3:21 Beautiful Stranger
77%
16 3:23 Questions For The Universe
74%
5 4:20 Dear Soulmate
73%
12 2:38 Dance with You Tonight
72%
6 2:51 What Love Will Do to You
68%
15 2:24 Lucky for Me
67%
7 3:42 I've Never Been in Love Before
65%
14 2:25 Slow Down
64%
No matching quizzes found
Score Distribution
Percent of People with Each Score
Percentile by Number Answered
Your Score History
You have not taken this quiz since the last reset